000 01442nam a2200253Ia 4500
003 Ost
005 20260507075256.0
008 260507s9999||||xx |||||||||||||| ||und||
020 _a2042379977
040 _cfsecg
041 _aara
082 _a330
100 _aالجمل، هشام مصطفى
_eمؤلف
245 0 _aدور السياسة المالية في تحقيق التنمية الاجتماعية :
_bبين النظام المالي الاسلامي و النظام المعاصر /
_c هشام مصطفى الجمل
260 _aالاسكندرية:
_bالفكر الجامعي,
_c2007
300 _a509 صفحة؛
_c25 سم
520 _aمفهوم السياسة المالية و تطورها عبر العصور القديمة ، الوسطى و العصر الحديث وأدواتها بين الفكر المالي الاسلامي والمعاصر مع مفهوم التنمية الاجتماعية و عناصرها و مقوماتها و دور السياسة المالية في تحقيق التنمية الاجتماعية في النظام المالي المعاصر و دور السياسة المالية الاسلامية في تحقيق التنمية الاجتماعية .
653 _aالتنمية
653 _aالتنمية الاجتماعية
653 _aالمالية
653 _aالمالية العامة
653 _aالنفقات العامة
942 _cكتاب
999 _c43743
_d43743